000 00600nam a2200205 i 4500
001 110618
003 ES-MaACL
005 20230906185115.0
007 t|
008 070206s1921 sp ||||1| spa d
080 _a821.134.2(861)-32"18"
100 1 _aVargas Vila, José María.
_9113218
245 1 3 _aEl rescate
_b: novela inédita /
_cpor Vargas Vila.
260 _a[Madrid :
_bLa Novela Corta,
_c1921]
300 _a[20] p. ;
_c20 cm.
490 1 _aLa novela corta ;
_v226
830 0 _aLa novela corta ;
_v226
_9182142
852 _aES-MaACL
_j2213-F-32
_bR.138640
999 _c110618
_d110618